| 000 | 00974nam a2200229Ii 4500 | ||
|---|---|---|---|
| 003 | JO-AjNU | ||
| 008 | 230605s9999||||xx |||||||||||||| ||und|| | ||
| 017 | _a2007/7/2229 | ||
| 020 | _a9957-16-365-5 | ||
| 040 |
_aJO-AjNU _bara _erda _cJO-AjNU |
||
| 041 | _aara | ||
| 050 | 1 | 4 | _aKMM49.J3298.2008 |
| 100 | 3 |
_aالجبوري ، ياسين محمد , _eauthor _912648 |
|
| 245 | 0 | 0 | _aالوجيز في شرح القانون المدني الأردني : آثار الحقوق الشخصية ، مصادر الالتزامات " دراسة موازنة " |
| 250 | _aط1 | ||
| 264 | 3 | 1 | _aعمان : دار الثقافة ، 2008 |
| 300 |
_a783ص _bيشتمل على قائمة المراجع ص ( 763 - 776 ) |
||
| 336 |
_atext _btxt _2rdacontent |
||
| 337 |
_aunmediated _bn _2rdamedia |
||
| 338 |
_avolume _bnc _2rdacarrier |
||
| 650 | 4 |
_aالأحوال الشخصية -- قوانين وتشريعات -- الأردن -- القانون المدني -- الأردن _912649 |
|
| 999 |
_aA2941 _c6509 _d6509 |
||